| 000 | 00478nam a2200145Ia 4500 | ||
|---|---|---|---|
| 008 | 230917s9999||||xx |||||||||||||| ||und|| | ||
| 040 |
_e65198 _aMAIN |
||
| 041 | _aEnglish | ||
| 082 | _a644.63 T343I | ||
| 100 | _aTherphanides, Theo M, ed | ||
| 245 | 0 | _aInfrared and raman spectroscopy of biological molecules; proceedings of the nato advanced institute hold at athens, Greece August 22-31, 1978 | |
| 260 |
_aDordrecht _bD Reidel _c1979 |
||
| 300 | _aix, 372 p. | ||
| 942 | _cBK | ||
| 999 |
_c206441 _d206441 |
||